Máquinas herramientas modernas: mandos hidráulicos - métodos de fabricación - herramientas - tiempos de producción
Guardado en:
| Autor principal: | |
|---|---|
| Formato: | Libro |
| Lenguaje: | español |
| Publicado: |
Madrid
Dossat
1981
|
| Edición: | 8a. ed |
| Materias: | |
| Etiquetas: |
Agregar Etiqueta
Sin Etiquetas, Sea el primero en etiquetar este registro!
|
MARC
| LEADER | 00000nam a2200000 a 4500 | ||
|---|---|---|---|
| 001 | UCP0887 | ||
| 003 | CL-VaPUC | ||
| 008 | 990319e19810000SP |||||||||||||||||spa|d | ||
| 082 | 0 | 4 | |a 621.902 |b ROS |2 21 |
| 100 | 0 | |a Rossi, Mario |e author |9 426513 | |
| 245 | 1 | 0 | |a Máquinas herramientas modernas: mandos hidráulicos - métodos de fabricación - herramientas - tiempos de producción |
| 250 | |a 8a. ed | ||
| 300 | |a 2 v | ||
| 942 | |c BK | ||
| 945 | |d 19990319 00:00:00 |a lriquelm | ||
| 260 | |a Madrid |b Dossat |c 1981 | ||
| 650 | 0 | |a Máquinas herramientas |9 262583 | |
| 650 | 7 | |a TRASMISION DE MOVIMIENTOS |2 CL-VaPUC |9 426514 | |
| 650 | 7 | |a SISTEMAS HIDRAULICOS |2 CL-VaPUC |9 418808 | |
| 650 | 7 | |a SISTEMAS NEUMATICOS |2 CL-VaPUC |9 426515 | |
| 650 | 7 | |a TORNOS |2 CL-VaPUC |9 426516 | |
| 650 | 7 | |a TALADROS |2 CL-VaPUC |9 271531 | |
| 650 | 7 | |a LIMADORAS |2 CL-VaPUC |9 426517 | |
| 650 | 7 | |a CEPILLADORAS |2 CL-VaPUC |9 271864 | |
| 650 | 7 | |a MORTAJADORAS |2 CL-VaPUC |9 426518 | |
| 650 | 7 | |a BROCHADORAS |2 CL-VaPUC |9 426519 | |
| 650 | 7 | |a FRESADORAS |2 CL-VaPUC |9 267305 | |
| 650 | 7 | |a RECTIFICADORAS |2 CL-VaPUC |9 420712 | |
| 583 | |a last modification |c 19990319 00:00:00 |k Rodrigo Vera | ||
| 999 | |c 279622 |d 279620 | ||
| 952 | |0 0 |1 0 |4 0 |6 621_902000000000000_ROS_1981 |7 0 |8 A |9 319232 |a BIBMEC |b BIBMEC |d 2019-11-20 |h v.2 |i 132800K |o 621.902 ROS 1981 |p 132800K |r 2024-01-19 |w 2019-11-20 |y BK |k MEC | ||